000 00713nam a2200229Ii 4500
003 JO-AjNU
008 230605s9999||||xx |||||||||||||| ||und||
017 _a1994/2723
020 _a977-270-127-8
040 _aJO-AjNU
_bara
_erda
_cJO-AjNU
041 _aara
050 1 4 _aPJ7814.U28.A16 1994
100 3 _aتأليف عوف،يوسف,
_eauthor
_917782
245 0 0 _aفضائح السيسي بيه: من الأدب الساخر
250 _aط1
264 3 1 _aالقاهرة:الدار المصرية اللبنانية،1994
300 _a142ص
336 _atext
_btxt
_2rdacontent
337 _aunmediated
_bn
_2rdamedia
338 _avolume
_bnc
_2rdacarrier
650 4 _aالأدب العربي
_917783
999 _aA5566
_c9134
_d9134